000 01788nam0a2200373 4500
001 RU\NLR\bibl\943840
005 20250614195449.0
010 _a5-696-03247-8
_9100
021 _aRU
_b2006-13211
_9648
035 _a(nilc)EL/0000057381
035 _a38.6-854651
035 _a(NLR Aleph) 000931987
090 _a165744
_c165744
100 _a20060404d2004 |||y0rusy50 ca
101 0 _arus
102 _aRU
105 _aa |||||||||
200 1 _aТехнология возведения зданий и сооружений
_eучебное пособие к курсовому проектированию
_fС.Б. Коваль, М.В. Молодцов
_gМ-во образования и науки Рос. Федерации, Федер. агентство по образованию, Юж.-Урал. гос. ун-т, Каф. "Технология строит. пр-ва"
210 _aЧелябинск
_cИзд-во ЮУрГУ
_d2004
215 _a52, [1] с.
_cил.
_d20
320 _aБиблиогр.: с. 52-53 (23 назв.)
606 0 _aЗдания и сооружения
_jУчебные издания для высших учебных заведений
_xСтроительство
_92268262
_3RU\NLR\auth\661359640
610 1 _aздания и сооружения
610 1 _aтехнология строительства
686 _a38.6-6я73
_vLBC/RL
_2rubbk
686 _a67.13
_2rugasnti
700 1 _aКоваль
_bС. Б.
_gСергей Борисович
701 1 _aМолодцов
_bМ. В.
_gМаксим Вилленинович
801 0 _aRU
_bЧелябинская ОУНБ
_c20060404
801 1 _aRU
_bЧелябинская ОУНБ
_c20060404
801 2 _aRU
_bNLR
_c20060505
_grcr
942 _cBOOK
980 _aNB
980 _aNBR